Financial Markets and Institutions (Record no. 1464965)

MARC details
000 -LEADER
fixed length control field 00574nam a22002177a 4500
005 - DATE AND TIME OF LATEST TRANSACTION
control field 20251022124021.0
008 - FIXED-LENGTH DATA ELEMENTS--GENERAL INFORMATION
fixed length control field 251022b |||||||| |||| 00| 0 eng d
020 ## - INTERNATIONAL STANDARD BOOK NUMBER
International Standard Book Number 9788119896356
040 ## - CATALOGING SOURCE
Transcribing agency ILCL
041 ## - LANGUAGE CODE
Source of code eng
Language code of text/sound track or separate title eng
084 ## - COLON CLASSIFICATION NUMBER
Classification number X64 R4
100 ## - MAIN ENTRY--PERSONAL NAME
Personal name Mishkin, Frederic S
245 ## - TITLE STATEMENT
Title Financial Markets and Institutions
250 ## - EDITION STATEMENT
Edition statement 10
260 ## - PUBLICATION, DISTRIBUTION, ETC.
Place of publication, distribution, etc. Noida
Name of publisher, distributor, etc. Pearson Education
Date of publication, distribution, etc. 2024
300 ## - PHYSICAL DESCRIPTION
Extent xxxvi,534p.
700 ## - ADDED ENTRY--PERSONAL NAME
Personal name Eakins, Stanley G
700 ## - ADDED ENTRY--PERSONAL NAME
Personal name Jayakumar, Tulsi
700 ## - ADDED ENTRY--PERSONAL NAME
Personal name Manuj, Hemant
942 ## - ADDED ENTRY ELEMENTS (KOHA)
Source of classification or shelving scheme Colon Classification (CC)
Koha item type Textbook
100 ## - MAIN ENTRY--PERSONAL NAME
-- 849193
700 ## - ADDED ENTRY--PERSONAL NAME
-- 849194
700 ## - ADDED ENTRY--PERSONAL NAME
-- 849195
700 ## - ADDED ENTRY--PERSONAL NAME
-- 849196
999 ## -
-- 1464965
-- 1464965
Holdings
Withdrawn status Lost status Source of classification or shelving scheme Damaged status Not for loan Home library Current library Date acquired Source of acquisition Cost, normal purchase price Inventory number Total checkouts Full call number Barcode Date last seen Price effective from Koha item type Date last checked out
    Colon Classification (CC)     Integrated Law Course library Integrated Law Course library 2025-09-29 Pragati Publications 899.00 23 dt. 29-09-2025   X64 R4 IL1864806 2025-10-22 2025-10-22 Textbook  
    Colon Classification (CC)     Integrated Law Course library Integrated Law Course library 2025-09-29 Pragati Publications 899.00 23 dt. 29-09-2025 1 X64 R4 IL1864807 2025-12-19 2025-10-22 Textbook 2025-12-15
    Colon Classification (CC)     Integrated Law Course library Integrated Law Course library 2025-09-29 Pragati Publications 899.00 23 dt. 29-09-2025   X64 R4 IL1864808 2025-10-22 2025-10-22 Textbook  
    Colon Classification (CC)     Integrated Law Course library Integrated Law Course library 2025-09-29 Pragati Publications 899.00 23 dt. 29-09-2025   X64 R4 IL1864809 2025-10-22 2025-10-22 Textbook  
    Colon Classification (CC)     Integrated Law Course library Integrated Law Course library 2025-09-29 Pragati Publications 899.00 23 dt. 29-09-2025   X64 R4 IL1864810 2025-10-22 2025-10-22 Textbook  
Copyright @ Delhi University Library System